[Event "Sonderjysk EMT Gruppe 2 2007"]
[Site "Agerskov"]
[Date "2007.09.09"]
[Round "1"]
[White "Iversen, Jens"]
[Black "Jensen, Henry"]
[Result "1-0"]
[WhiteElo "1483"]
[BlackElo "1441"]
[PlyCount "95"]
[EventDate "2007.??.??"]

1. d4 d5 2. c4 e6 3. e3 Nf6 4. Nc3 a6 5. Nf3 Bb4 6. Bd3 O-O 7. O-O Nbd7 8. cxd5
exd5 9. Qb3 Bxc3 10. bxc3 c6 11. c4 Qc7 12. cxd5 Nxd5 13. Bb2 N7f6 14. Rac1 Be6
15. Qd1 Rfe8 16. a3 Rad8 17. Qc2 h6 18. Rfe1 Rd6 19. Ne5 Nd7 20. Nc4 N7f6 21.
Nxd6 Qxd6 22. f3 Ne7 23. e4 Nh5 24. e5 Qd7 25. Qd2 Nd5 26. g3 Bh3 27. Bf1 Be6
28. Bg2 g5 29. Rf1 f5 30. exf6 Nhxf6 31. Rce1 Re7 32. Re5 Rg7 33. Rfe1 Bf7 34.
Qe2 Qd6 35. Bh3 Kf8 36. Be6 Bxe6 37. Rxe6 Qd8 38. a4 Kg8 39. Kf2 Rf7 40. Ba3
Kg7 41. Qe5 Kg6 42. Be7 Qd7 43. Bxf6 Nxf6 44. Qc5 Qd8 45. Kg2 Rd7 46. Qc2+ Kf7
47. Qf5 Kg7 48. Rxf6 1-0

[Event "Sonderjysk EMT Gruppe 2 2007"]
[Site "Agerskov"]
[Date "2007.09.09"]
[Round "1"]
[White "Jessen, Morten"]
[Black "Christiansen, Bobby"]
[Result "0-1"]
[WhiteElo "1244"]
[BlackElo "1200"]
[PlyCount "49"]
[EventDate "2007.??.??"]

1. d4 Nf6 2. c4 b6 3. Nf3 Bb7 4. e3 e6 5. Nc3 Bb4 6. a3 Bxc3+ 7. bxc3 Ne4 8.
Qc2 O-O 9. Be2 d5 10. O-O f6 11. cxd5 exd5 12. c4 Re8 13. cxd5 Bxd5 14. Bd3 Qe7
15. Nd2 f5 16. f3 Nxd2 17. Bxd2 g6 18. a4 a5 19. Rae1 Qa3 20. Bc4 c6 21. e4
fxe4 22. fxe4 Bxc4 23. Qxc4+ Kh8 24. d5 Qc5+ 25. Be3 0-1

[Event "Sonderjysk EMT Gruppe 2 2007"]
[Site "Agerskov"]
[Date "2007.09.09"]
[Round "1"]
[White "Clausen, Jorgen"]
[Black "Lauritzen, Vagn"]
[Result "0-1"]
[WhiteElo "1509"]
[BlackElo "1497"]
[PlyCount "148"]
[EventDate "2007.??.??"]

1. d4 Nf6 2. c4 g6 3. Bf4 Bg7 4. e3 d6 5. Nd2 b6 6. Ngf3 Bb7 7. Be2 c5 8. dxc5
bxc5 9. Rb1 Nc6 10. O-O O-O 11. h3 e5 12. Bh2 Ne7 13. Ne1 Nf5 14. Bf3 Qc7 15.
Bxb7 Qxb7 16. Qb3 Rab8 17. Qxb7 Rxb7 18. b3 a5 19. Nc2 Rfb8 20. Na3 Rd8 21.
Rfd1 Rb4 22. Nb5 Rb8 23. a3 R8xb5 24. cxb5 Rxb5 25. Nc4 Ne4 26. Rd3 Bf8 27. f3
d5 28. Nxe5 c4 29. fxe4 cxd3 30. exf5 d2 31. fxg6 hxg6 32. a4 Rxb3 33. Rd1 Bb4
34. Nf3 Rxe3 35. Nxd2 Rd3 36. Bf4 Rd4 37. Be3 Rd3 38. Kf2 d4 39. Bf4 Ra3 40.
Nc4 Rxa4 41. Rxd4 Bc5 42. Ke3 Rxc4 43. Be5 Bxd4+ 44. Bxd4 a4 45. Kd3 Rc8 46.
Bb2 Kh7 47. g3 Rb8 48. Kc2 Rb3 49. Be5 Kh6 50. Bd6 f6 51. Bc7 Kg5 52. Bd6 Kf5
53. Bc7 Ke4 54. h4 f5 55. Bf4 Kf3 56. Be5 Kg4 57. Bf4 Rxg3 58. Bxg3 Kxg3 59.
Kb2 f4 60. Ka3 f3 61. Kxa4 f2 62. Kb4 f1=Q 63. Kc3 Qd1 64. Kc4 Kf4 65. Kc5 Ke5
66. Kc4 Qd4+ 67. Kb3 Qxh4 68. Kc3 Qd4+ 69. Kc2 Qe3 70. Kb2 Kd4 71. Kc2 Qc3+ 72.
Kb1 Qd2 73. Ka1 Kc3 74. Kb1 Qb2# 0-1

[Event "Sonderjysk EMT Gruppe 2 2007"]
[Site "Agerskov"]
[Date "2007.09.09"]
[Round "1"]
[White "Kallesen, Jesper"]
[Black "Bertelsen, Jorn"]
[Result "1-0"]
[WhiteElo "1180"]
[BlackElo "1524"]
[PlyCount "111"]
[EventDate "2007.??.??"]

1. e4 e5 2. Nf3 Nf6 3. Nc3 d6 4. Bc4 Be7 5. d4 O-O 6. Bg5 Bg4 7. Qd3 Bxf3 8.
gxf3 Nbd7 9. O-O-O a6 10. a3 b5 11. Ba2 Nh5 12. Bxe7 Qxe7 13. Nd5 Qd8 14. dxe5
Nxe5 15. Qe3 c6 16. Nf4 Qg5 17. Nxh5 Qxh5 18. Rxd6 Rad8 19. Rxd8 Rxd8 20. f4
Qf3 21. Rg1 Qxe3+ 22. fxe3 Ng6 23. c4 Rd3 24. Rg3 Kf8 25. cxb5 cxb5 26. Kc2 Rd8
27. Kc3 Ke7 28. Rg5 f6 29. Rd5 Rc8+ 30. Kd3 Rc1 31. Kd2 Rh1 32. Rh5 Nf8 33. f5
h6 34. Bd5 Kd6 35. Bb7 a5 36. e5+ Kxe5 37. Bxh1 b4 38. axb4 axb4 39. Kd3 Nd7
40. Rh4 Kxf5 41. Rxb4 Ne5+ 42. Kd4 Kg4 43. Kd5+ Kh3 44. Rd4 Kxh2 45. b4 Kxh1
46. b5 g5 47. b6 g4 48. b7 Nd7 49. Ke6 Nb8 50. Rxg4 Kh2 51. Rh4+ Kg3 52. Rxh6
Kf3 53. Rxf6+ Kxe3 54. Kd6 Kd4 55. Kc7 Na6+ 56. Rxa6 1-0

[Event "Sonderjysk EMT Gruppe 2 2007"]
[Site "Agerskov"]
[Date "2007.09.09"]
[Round "2"]
[White "Christiansen, Bobby"]
[Black "Kallesen, Jesper"]
[Result "0-1"]
[WhiteElo "1200"]
[BlackElo "1180"]
[PlyCount "76"]
[EventDate "2007.??.??"]

1. e4 e5 2. Nf3 Nc6 3. Bc4 h6 4. O-O Nf6 5. Nc3 Bb4 6. a3 Bxc3 7. bxc3 d5 8.
Bb5 Bd7 9. exd5 Nxd5 10. d4 e4 11. Bxc6 Bxc6 12. Ne5 Qd6 13. Bf4 Nxf4 14. g3
Nh3+ 15. Kh1 e3+ 16. f3 f6 17. Qe2 fxe5 18. Qg2 Bd7 19. g4 Nf4 20. Qg3 exd4 21.
Rad1 c5 22. Rb1 b6 23. cxd4 cxd4 24. c3 e2 25. Rfe1 Qe5 26. Rb4 g5 27. Rxd4 Bb5
28. Re4 Qxe4 29. fxe4 O-O 30. Qe3 Nd3 31. Rxe2 Rf1+ 32. Kg2 Nf4+ 33. Kxf1 Bxe2+
34. Qxe2 Nxe2 35. Kxe2 Kf7 36. Ke3 Rd8 37. h3 Ke6 38. Kf3 Rd3+ 0-1

[Event "Sonderjysk EMT Gruppe 2 2007"]
[Site "Agerskov"]
[Date "2007.09.09"]
[Round "2"]
[White "Clausen, Jorgen"]
[Black "Iversen, Jens"]
[Result "0-1"]
[WhiteElo "1509"]
[BlackElo "1483"]
[PlyCount "80"]
[EventDate "2007.??.??"]

1. d4 Nf6 2. c4 g6 3. Bf4 Bg7 4. e3 d6 5. Nd2 O-O 6. Ngf3 Nbd7 7. Rb1 c5 8.
dxc5 Nxc5 9. Be2 Bf5 10. Rc1 Bd3 11. O-O Bxe2 12. Qxe2 Nfe4 13. Nxe4 Nxe4 14.
b3 e5 15. Bg3 Nxg3 16. fxg3 Qb6 17. Rcd1 Rad8 18. h3 Bh6 19. Rfe1 Bg7 20. Kh2
Rd7 21. Rd5 Rfd8 22. Rf1 Bh6 23. Rfd1 f6 24. Re1 a6 25. Nd2 f5 26. Nf3 Rc8 27.
Red1 Re8 28. e4 f4 29. g4 Qd8 30. Qd3 Re6 31. Nxe5 Rxe5 32. Rxe5 f3 33. Rd5
Bf4+ 34. Kg1 Qh4 35. Qxf3 Rf7 36. Qd3 Be5 37. Rf1 Rxf1+ 38. Qxf1 Qg3 39. Qf3
Qe1+ 40. Qf1 Bh2+ 0-1

[Event "Sonderjysk EMT Gruppe 2 2007"]
[Site "Agerskov"]
[Date "2007.09.09"]
[Round "2"]
[White "Lauritzen, Vagn"]
[Black "Bertelsen, Jorn"]
[Result "1-0"]
[WhiteElo "1497"]
[BlackElo "1524"]
[PlyCount "75"]
[EventDate "2007.??.??"]

1. e4 c5 2. Nf3 Nc6 3. d4 cxd4 4. Nxd4 e5 5. Nf3 Nf6 6. Bd3 h6 7. Nbd2 Bc5 8.
h3 O-O 9. Nc4 d6 10. O-O b5 11. Ne3 a6 12. c3 Bb7 13. b4 Ba7 14. a4 bxa4 15.
Rxa4 Bxe3 16. Bxe3 a5 17. b5 Ne7 18. Qb1 Qc7 19. c4 Nd7 20. Rc1 Nc5 21. Ra2
Nxd3 22. Qxd3 f5 23. c5 fxe4 24. Qxd6 Qxd6 25. cxd6 Nf5 26. Nxe5 Nxd6 27. b6
Rfc8 28. Rca1 Re8 29. Rxa5 Rxa5 30. Rxa5 Re6 31. Rc5 Kf8 32. Rc7 Rxe5 33. Bf4
Re6 34. Bxd6+ Rxd6 35. Rxb7 g5 36. Rb8+ Ke7 37. b7 Rb6 38. Rh8 1-0

[Event "Sonderjysk EMT Gruppe 2 2007"]
[Site "Agerskov"]
[Date "2007.09.09"]
[Round "2"]
[White "Jensen, Henry"]
[Black "Jessen, Morten"]
[Result "0-1"]
[WhiteElo "1441"]
[BlackElo "1244"]
[PlyCount "130"]
[EventDate "2007.??.??"]

1. f4 Nf6 2. d3 d5 3. Nf3 Nc6 4. e3 e6 5. Be2 Bc5 6. a3 a5 7. c3 O-O 8. Bd2 Qe7
9. O-O Rd8 10. Qe1 e5 11. fxe5 Nxe5 12. Nxe5 Qxe5 13. d4 Bxd4 14. exd4 Qe4 15.
Qf2 Re8 16. Bf3 Qd3 17. Bxd5 Re2 18. Qf4 Bd7 19. Rf3 Qc2 20. b4 Rae8 21. Rf1
Qb2 22. Bf3 R2e7 23. Qg3 Qxa1 24. Bh6 g6 25. Bg5 Ne4 26. Bxe4 Rxe4 27. Bf6 R4e6
28. Be5 f5 29. h4 axb4 30. axb4 Kf7 31. Nd2 Qa2 32. Ne4 Rxe5 33. dxe5 Bc6 34.
Ng5+ Kg7 35. Rf2 Qd5 36. e6 Qd6 37. Qxd6 cxd6 38. Re2 h6 39. Nh3 Kf6 40. Nf4 g5
41. hxg5+ hxg5 42. Nh5+ Kg6 43. Ng3 f4 44. Nf1 Kf6 45. Nd2 Rxe6 46. Rxe6+ Kxe6
47. Kf2 g4 48. g3 f3 49. Nc4 Be4 50. Ne3 Bf5 51. c4 Ke5 52. Ke1 Ke4 53. Kf2 Be6
54. c5 dxc5 55. bxc5 Kd4 56. c6 bxc6 57. Nc2+ Kc3 58. Ne3 c5 59. Ke1 c4 60.
Nd1+ Kc2 61. Ne3+ Kb1 62. Kd2 Kb2 63. Nd1+ Kb3 64. Ne3 c3+ 65. Kc1 f2 0-1

[Event "Sonderjysk EMT Gruppe 2 2007"]
[Site "Agerskov"]
[Date "2007.09.16"]
[Round "3"]
[White "Kallesen, Jesper"]
[Black "Jensen, Henry"]
[Result "0-1"]
[WhiteElo "1180"]
[BlackElo "1441"]
[PlyCount "72"]
[EventDate "2007.??.??"]

1. e4 c5 2. c3 Nc6 3. d4 cxd4 4. cxd4 e6 5. Nc3 Bb4 6. Nge2 d5 7. e5 Nge7 8.
Ng3 O-O 9. Bg5 Qb6 10. Bxe7 Nxe7 11. Bb5 Bxc3+ 12. bxc3 Qxb5 13. Qg4 Qd3 14.
Rc1 Qg6 15. Qh4 Nf5 16. Nxf5 Qxf5 17. O-O b6 18. g4 Qf4 19. f3 Ba6 20. Rfe1
Qxf3 21. Rc2 Bc4 22. g5 Qf5 23. Rf2 Qg6 24. Re3 Qb1+ 25. Kg2 Bd3 26. Rff3 Be4
27. Kg3 Bxf3 28. Rxf3 Qe1+ 29. Rf2 Rac8 30. Kg2 Rxc3 31. g6 hxg6 32. Qg5 Qe4+
33. Kg1 Rd3 34. Qe7 Rd1+ 35. Rf1 Qg4+ 36. Kf2 Qf4+ 0-1

[Event "Sonderjysk EMT Gruppe 2 2007"]
[Site "Agerskov"]
[Date "2007.09.16"]
[Round "3"]
[White "Iversen, Jens"]
[Black "Lauritzen, Vagn"]
[Result "0-1"]
[WhiteElo "1483"]
[BlackElo "1497"]
[PlyCount "116"]
[EventDate "2007.??.??"]

1. d4 Nf6 2. c4 g6 3. Nc3 Bg7 4. e4 d6 5. Nf3 b6 6. Be2 Bb7 7. Qc2 c5 8. d5
Nbd7 9. O-O O-O 10. h3 a6 11. Be3 Re8 12. Rfe1 Qc7 13. Bd3 Rad8 14. Rad1 Nf8
15. Qd2 e6 16. Bh6 exd5 17. Bxg7 Kxg7 18. Nxd5 Nxd5 19. exd5 f6 20. Re3 Nd7 21.
Rde1 Ne5 22. Nxe5 fxe5 23. Qe2 Rf8 24. g3 Qd7 25. g4 Rf4 26. Re4 Rdf8 27. Rxf4
Rxf4 28. Be4 Qf7 29. Bg2 a5 30. b3 Rd4 31. Rd1 Rf4 32. Rd3 g5 33. Rf3 h6 34.
Rxf4 Qxf4 35. Be4 Bc8 36. Kg2 Bd7 37. Bc2 Be8 38. Qe4 Qxe4+ 39. Bxe4 h5 40.
gxh5 Bxh5 41. Kg3 Bd1 42. f3 a4 43. bxa4 Bxa4 44. Kf2 Bd7 45. Kg3 b5 46. cxb5
Bxb5 47. h4 gxh4+ 48. Kxh4 c4 49. Bc2 c3 50. Kg4 Kf6 51. f4 Bc4 52. fxe5+ Kxe5
53. Kf3 Kd4 54. a4 Bxd5+ 55. Kf4 Bc4 56. a5 d5 57. Kf3 Kc5 58. Ke3 d4+ 0-1

[Event "Sonderjysk EMT Gruppe 2 2007"]
[Site "Agerskov"]
[Date "2007.09.16"]
[Round "3"]
[White "Jessen, Morten"]
[Black "Clausen, Jorgen"]
[Result "1-0"]
[WhiteElo "1244"]
[BlackElo "1509"]
[PlyCount "63"]
[EventDate "2007.??.??"]

1. d4 d5 2. c4 e6 3. cxd5 exd5 4. Nf3 Nf6 5. e3 Bd6 6. Nc3 c6 7. Be2 O-O 8. O-O
Ng4 9. h3 Nh6 10. e4 dxe4 11. Nxe4 Nf5 12. Bc4 Bc7 13. Qb3 Nxd4 14. Nxd4 Qxd4
15. Ng5 Qf6 16. Re1 Nd7 17. Bxf7+ Rxf7 18. Re8+ Nf8 19. Rxf8+ Kxf8 20. Nxh7+
Ke8 21. Nxf6+ Rxf6 22. Be3 Re6 23. Rd1 b6 24. Re1 Kf7 25. Bg5 Bd7 26. Qc4 Rae8
27. Kf1 c5 28. Rxe6 Rxe6 29. Bf4 Bb5 30. Qxb5 Bxf4 31. Qd7+ Re7 32. Qf5+ 1-0

[Event "Sonderjysk EMT Gruppe 2 2007"]
[Site "Agerskov"]
[Date "2007.09.16"]
[Round "3"]
[White "Bertelsen, Jorn"]
[Black "Christiansen, Bobby"]
[Result "1-0"]
[WhiteElo "1524"]
[BlackElo "1200"]
[PlyCount "71"]
[EventDate "2007.??.??"]

1. d4 Nf6 2. c4 b6 3. e3 e6 4. Qf3 Nc6 5. Nc3 Bb4 6. Bd2 Bb7 7. Qd1 O-O 8. Nf3
Bxc3 9. Bxc3 Ne4 10. Bd3 Nxc3 11. bxc3 Na5 12. O-O d5 13. cxd5 Bxd5 14. e4 Bc4
15. Ne5 Bxd3 16. Qxd3 c5 17. d5 f6 18. Nc4 Rb8 19. Nxa5 bxa5 20. Rfb1 e5 21.
Rxb8 Qxb8 22. Rb1 Qc8 23. Qb5 Qc7 24. f3 Qb6 25. Qxb6 axb6 26. Rxb6 h6 27. Kf2
f5 28. exf5 Rxf5 29. Ke3 g5 30. Rc6 g4 31. Ke4 Rf4+ 32. Kxe5 Rf7 33. f4 Re7+
34. Re6 Rb7 35. d6 Rb2 36. d7 1-0

[Event "Sonderjysk EMT Gruppe 2 2007"]
[Site "Agerskov"]
[Date "2007.09.16"]
[Round "4"]
[White "Lauritzen, Vagn"]
[Black "Christiansen, Bobby"]
[Result "1-0"]
[WhiteElo "1497"]
[BlackElo "1200"]
[PlyCount "85"]
[EventDate "2007.??.??"]

1. e4 c6 2. c4 d5 3. e5 Bf5 4. d4 e6 5. c5 f6 6. Nf3 Qe7 7. Be2 Nd7 8. Bf4 g5
9. exf6 Ndxf6 10. Bxg5 Bh6 11. Nc3 Bxg5 12. Nxg5 Ne4 13. Ncxe4 Bxe4 14. Nxe4
dxe4 15. Bh5+ Kd7 16. O-O Nf6 17. Re1 Rhg8 18. h3 Qg7 19. g3 Qh6 20. Bg4 Rg6
21. f3 Nxg4 22. hxg4 Rf8 23. Rxe4 Qh3 24. Qe1 Rxf3 25. Re3 Rgf6 26. Rc1 Rf1+
27. Qxf1 Rxf1+ 28. Rxf1 Qxg4 29. Rf4 Qg5 30. Kf2 Qg6 31. Rfe4 Qf5+ 32. Ke2 Qh3
33. Rxe6 Qxe6 34. Rxe6 Kxe6 35. Ke3 Kf5 36. Kf3 h5 37. b4 Ke6 38. Ke4 Kf6 39.
Kf4 Ke6 40. Kg5 Kd5 41. Kxh5 Kxd4 42. g4 Ke5 43. g5 1-0

[Event "Sonderjysk EMT Gruppe 2 2007"]
[Site "Agerskov"]
[Date "2007.09.16"]
[Round "4"]
[White "Iversen, Jens"]
[Black "Jessen, Morten"]
[Result "1-0"]
[WhiteElo "1483"]
[BlackElo "1244"]
[PlyCount "77"]
[EventDate "2007.??.??"]

1. d4 Nf6 2. c4 e6 3. Nc3 b6 4. Nf3 Bb7 5. e3 Be7 6. Bd3 O-O 7. O-O c5 8. dxc5
bxc5 9. b3 d6 10. Bb2 Nc6 11. Qe2 Nb4 12. Bb1 Qd7 13. a3 Nc6 14. Bc2 h6 15.
Rad1 Rfd8 16. Rd2 a6 17. Rfd1 Qc7 18. Ne4 Nxe4 19. Bxe4 Rd7 20. Qd3 Rad8 21.
Qc2 Nb8 22. Bxb7 Qxb7 23. Rd3 Nc6 24. Qd2 Qb6 25. Qe2 Rb8 26. Nd2 a5 27. Ne4
Qd8 28. Nxc5 Ra7 29. Qg4 e5 30. Ne4 Rd7 31. Nc5 Ra7 32. Qe4 Rc8 33. Rd5 f6 34.
R5d3 Qe8 35. Qd5+ Qf7 36. Ne4 Qxd5 37. Rxd5 Rd7 38. Nxd6 Rcd8 39. Nf5 1-0

[Event "Sonderjysk EMT Gruppe 2 2007"]
[Site "Agerskov"]
[Date "2007.09.16"]
[Round "4"]
[White "Clausen, Jorgen"]
[Black "Kallesen, Jesper"]
[Result "1/2-1/2"]
[WhiteElo "1509"]
[BlackElo "1180"]
[PlyCount "118"]
[EventDate "2007.??.??"]

1. d4 d5 2. c4 e6 3. Bf4 Nf6 4. Nd2 Bb4 5. Ngf3 O-O 6. e3 Ne4 7. Bd3 Bxd2+ 8.
Nxd2 Nxd2 9. Kxd2 Qe7 10. c5 b6 11. Qh5 h6 12. Bxh6 gxh6 13. Qxh6 f6 14. h4 Ba6
15. Bg6 Qg7 16. Qxg7+ Kxg7 17. h5 e5 18. Rac1 Bb5 19. cxb6 cxb6 20. Rc7+ Nd7
21. Bf5 Rfd8 22. h6+ Kh8 23. Rh3 Rac8 24. Rxa7 Ra8 25. Rxa8 Rxa8 26. a3 Nf8 27.
dxe5 fxe5 28. g4 Bd7 29. Bxd7 Nxd7 30. g5 Kh7 31. f4 exf4 32. exf4 Rf8 33. Rh4
Nc5 34. Ke3 Ne6 35. b4 b5 36. Kf3 Nxg5+ 37. Kg4 Ne4 38. f5 Rg8+ 39. Kf4 Ng5 40.
Rh1 Ne4 41. Ke5 Rd8 42. f6 Re8+ 43. Kxd5 Nxf6+ 44. Kc6 Ra8 45. Kxb5 Rxa3 46.
Kb6 Rb3 47. b5 Nd5+ 48. Kc5 Rb4 49. Rh5 Rxb5+ 50. Kxb5 Nf6 51. Rh1 Ng4 52. Kc5
Nxh6 53. Rg1 Nf7 54. Kd5 Kh6 55. Ke6 Ng5+ 56. Kf6 Nh7+ 57. Kf5 Nf8 58. Rd1 Nh7
59. Rd7 Nf8 1/2-1/2

[Event "Sonderjysk EMT Gruppe 2 2007"]
[Site "Agerskov"]
[Date "2007.09.23"]
[Round "5"]
[White "Kallesen, Jesper"]
[Black "Iversen, Jens"]
[Result "0-1"]
[WhiteElo "1180"]
[BlackElo "1483"]
[PlyCount "92"]
[EventDate "2007.??.??"]

1. e4 c5 2. c3 Nc6 3. d4 d5 4. e5 e6 5. Bb5 Bd7 6. Bxc6 Bxc6 7. Nf3 cxd4 8.
Qxd4 b6 9. O-O Rc8 10. Be3 Bc5 11. Qf4 Bxe3 12. Qxe3 Nh6 13. Qg5 O-O 14. Nbd2
Qxg5 15. Nxg5 Nf5 16. Ndf3 Rfd8 17. Rad1 Rd7 18. Nd4 Nxd4 19. cxd4 Bb5 20. Rfe1
Rc2 21. Rb1 Rdc7 22. Nf3 h6 23. h3 Be2 24. a3 a5 25. Kh2 Bxf3 26. gxf3 Rxf2+
27. Kg3 Rcc2 28. Rec1 g6 29. b4 Rg2+ 30. Kf4 g5+ 31. Ke3 Rge2+ 32. Kd3 Rxc1 33.
Rxc1 Rg2 34. Rc3 axb4 35. axb4 Rb2 36. Rc8+ Kg7 37. Kc3 Rf2 38. Rb8 Rxf3+ 39.
Kd2 Rxh3 40. Rxb6 g4 41. Rc6 Rb3 42. Rb6 g3 43. Ke2 h5 44. Kf1 h4 45. Kg2 Rb2+
46. Kg1 h3 0-1

[Event "Sonderjysk EMT Gruppe 2 2007"]
[Site "Agerskov"]
[Date "2007.09.23"]
[Round "5"]
[White "Bertelsen, Jorn"]
[Black "Clausen, Jorgen"]
[Result "0-1"]
[WhiteElo "1524"]
[BlackElo "1509"]
[PlyCount "84"]
[EventDate "2007.??.??"]

1. d4 d5 2. e3 e6 3. c4 dxc4 4. Bxc4 b6 5. Qa4+ c6 6. Qc2 Bb7 7. Ne2 c5 8. O-O
Nf6 9. Bb5+ Nbd7 10. Rd1 Rc8 11. Nbc3 a6 12. Bxd7+ Nxd7 13. b3 b5 14. dxc5 Bxc5
15. Qd2 Rc7 16. Bb2 O-O 17. a3 Qg5 18. Ng3 h5 19. Nce4 Qg6 20. Nxc5 Nxc5 21.
Qd6 Rfc8 22. b4 Na4 23. Be5 Qg5 24. Bf4 Qg6 25. h4 Nc3 26. Re1 Qg4 27. Qe5 f6
28. Qxh5 Qxh5 29. Nxh5 e5 30. Bh2 Rc4 31. f4 e4 32. g4 Nd5 33. f5 Rc3 34. Bf4
Rd3 35. Ng3 Nxf4 36. exf4 Rxg3+ 37. Kf2 Rxg4 38. Red1 Rxh4 39. Ke3 Rh3+ 40. Kf2
e3+ 41. Ke2 Bf3+ 42. Kxe3 Bxd1+ 0-1

[Event "Sonderjysk EMT Gruppe 2 2007"]
[Site "Agerskov"]
[Date "2007.09.23"]
[Round "5"]
[White "Christiansen, Bobby"]
[Black "Jensen, Henry"]
[Result "0-1"]
[WhiteElo "1200"]
[BlackElo "1441"]
[PlyCount "84"]
[EventDate "2007.??.??"]

1. e4 c5 2. c3 e6 3. d4 cxd4 4. cxd4 Nf6 5. Nc3 Bb4 6. Bg5 Be7 7. Nf3 a6 8. Bd3
d6 9. O-O Nbd7 10. Qe2 b5 11. e5 dxe5 12. dxe5 Ng4 13. Qe4 Ndxe5 14. Qxa8 Nxf3+
15. Qxf3 Ne5 16. Qe3 f6 17. Bf4 Qxd3 18. Bxe5 Qxe3 19. fxe3 fxe5 20. Rac1 Bb7
21. h3 Bf6 22. a4 b4 23. Na2 a5 24. Rc7 Bd5 25. Rc8+ Bd8 26. Rd1 Ke7 27. Kh1
Bxa2 28. Ra8 Re8 29. Ra7+ Kf6 30. Rf1+ Kg6 31. Rff7 Bf6 32. g3 Bb3 33. Kg2 Bxa4
34. h4 Bd1 35. Kh3 h5 36. Rfd7 Bf3 37. Rxa5 Rc8 38. Raa7 Rc1 39. Rd2 Re1 40.
Rf2 Rxe3 41. Ra6 Rb3 42. Rxe6 Bg4+ 0-1

[Event "Sonderjysk EMT Gruppe 2 2007"]
[Site "Agerskov"]
[Date "2007.09.23"]
[Round "5"]
[White "Jessen, Morten"]
[Black "Lauritzen, Vagn"]
[Result "0-1"]
[WhiteElo "1244"]
[BlackElo "1497"]
[PlyCount "68"]
[EventDate "2007.??.??"]

1. d4 Nf6 2. c4 g6 3. Nc3 Bg7 4. Nf3 d6 5. e3 O-O 6. Be2 b6 7. O-O Bb7 8. b3 c5
9. d5 Nxd5 10. cxd5 Bxc3 11. Rb1 Nd7 12. e4 Qc7 13. Bh6 Bg7 14. Qd2 Nf6 15. Bd3
e6 16. dxe6 fxe6 17. Rfe1 Rf7 18. Rbd1 Raf8 19. Bxg7 Rxg7 20. Ng5 Re7 21. Bc4
d5 22. exd5 exd5 23. Bb5 Ng4 24. Nf3 Rxe1+ 25. Rxe1 d4 26. Re8 Bxf3 27. Rxf8+
Kxf8 28. gxf3 Qxh2+ 29. Kf1 Ne3+ 30. Ke2 Qg2 31. Kd3 Qf1+ 32. Ke4 Qxb5 33. fxe3
Qe8+ 34. Kd3 Qxe3+ 0-1

[Event "Sonderjysk EMT Gruppe 2 2007"]
[Site "Agerskov"]
[Date "2007.09.23"]
[Round "6"]
[White "Lauritzen, Vagn"]
[Black "Jensen, Henry"]
[Result "1-0"]
[WhiteElo "1497"]
[BlackElo "1441"]
[PlyCount "57"]
[EventDate "2007.??.??"]

1. e4 c5 2. Nf3 Nc6 3. d4 cxd4 4. Nxd4 e6 5. c4 Nf6 6. Nxc6 bxc6 7. Bd3 Bc5 8.
Nd2 d6 9. a3 d5 10. Nb3 Bb6 11. c5 Ba5+ 12. Nxa5 Qxa5+ 13. b4 Qc7 14. Qc2 d4
15. O-O Ng4 16. f4 Ne3 17. Bxe3 dxe3 18. Rae1 O-O 19. Rxe3 e5 20. f5 a5 21. Rg3
Bd7 22. Bc4 Kh8 23. f6 g6 24. Qd2 Be6 25. Qh6 Rg8 26. Bxe6 fxe6 27. f7 Rgf8 28.
Rgf3 axb4 29. Qg5 1-0

[Event "Sonderjysk EMT Gruppe 2 2007"]
[Site "Agerskov"]
[Date "2007.09.23"]
[Round "6"]
[White "Jessen, Morten"]
[Black "Kallesen, Jesper"]
[Result "1-0"]
[WhiteElo "1244"]
[BlackElo "1180"]
[PlyCount "75"]
[EventDate "2007.??.??"]

1. d4 d5 2. c4 e6 3. Nc3 Bb4 4. e3 Nf6 5. Bd2 O-O 6. cxd5 Nxd5 7. Nf3 Nc6 8. a3
Nxc3 9. bxc3 Bd6 10. Bd3 e5 11. Qc2 g6 12. O-O Re8 13. d5 Ne7 14. c4 Bf5 15. e4
Bg4 16. c5 Bxf3 17. gxf3 Nc8 18. cxd6 Nxd6 19. Qc1 Rf8 20. Bh6 Re8 21. Qg5 f6
22. Qh4 Nf7 23. Kh1 Nxh6 24. Qxh6 Qd7 25. Rg1 Rad8 26. Rg3 Re7 27. Rag1 a6 28.
f4 exf4 29. Qxf4 Rf8 30. Qf5 Qd6 31. Qh5 Rff7 32. Qh6 Qd7 33. h4 Qd6 34. f4
Qxa3 35. f5 g5 36. hxg5 fxg5 37. Rxg5+ Kh8 38. Rg8# 1-0

[Event "Sonderjysk EMT Gruppe 2 2007"]
[Site "Agerskov"]
[Date "2007.09.23"]
[Round "6"]
[White "Clausen, Jorgen"]
[Black "Christiansen, Bobby"]
[Result "1-0"]
[WhiteElo "1509"]
[BlackElo "1200"]
[PlyCount "85"]
[EventDate "2007.??.??"]

1. d4 Nf6 2. c4 b6 3. Nc3 e6 4. Nf3 Bb7 5. e3 Bb4 6. Be2 Ne4 7. Bd2 Nxd2 8.
Qxd2 O-O 9. O-O d6 10. Qc2 Nd7 11. Nb1 d5 12. cxd5 Bxd5 13. a3 Bd6 14. Nbd2 c5
15. dxc5 Nxc5 16. b4 Nd7 17. Bd3 h6 18. Be4 Rc8 19. Qb2 f6 20. Bxd5 exd5 21.
Qb3 Qe7 22. Qxd5+ Rf7 23. Qb7 Qe8 24. Qxa7 Bb8 25. Qb7 Ne5 26. Qd5 Rd8 27. Qb3
Nxf3+ 28. Nxf3 Be5 29. Nxe5 Qxe5 30. g3 Kf8 31. Rad1 Rfd7 32. Rxd7 Rxd7 33. Qa4
b5 34. Qa8+ Qe8 35. Qxe8+ Kxe8 36. Rc1 Rd3 37. Rc5 Rxa3 38. Rxb5 g5 39. Rb8+
Kf7 40. Kg2 Ke6 41. b5 Kd7 42. b6 Kc6 43. Rf8 1-0

[Event "Sonderjysk EMT Gruppe 2 2007"]
[Site "Agerskov"]
[Date "2007.09.23"]
[Round "6"]
[White "Iversen, Jens"]
[Black "Bertelsen, Jorn"]
[Result "1-0"]
[WhiteElo "1483"]
[BlackElo "1524"]
[PlyCount "107"]
[EventDate "2007.??.??"]

1. d4 d5 2. c4 e6 3. e3 c6 4. Nf3 Nf6 5. Nc3 Bb4 6. a3 Bxc3+ 7. bxc3 Ne4 8. Qc2
Nd7 9. Bd3 Ndf6 10. O-O O-O 11. cxd5 exd5 12. Ne5 Qc7 13. f3 Nd6 14. e4 h6 15.
Bf4 Nh5 16. Be3 Be6 17. Rac1 Nf6 18. c4 dxc4 19. Bxc4 Bxc4 20. Nxc4 Nxc4 21.
Qxc4 Qa5 22. Qb3 Rad8 23. Rc5 Qb6 24. Rb1 Qxb3 25. Rxb3 Nd7 26. Rc1 Rb8 27. Bf4
Ra8 28. Rxb7 Nb8 29. Kf2 a5 30. Rb6 Rd8 31. Ke3 Kf8 32. Bxb8 Rdxb8 33. Rbxc6
Rb3+ 34. R1c3 Rb2 35. Rc2 Rab8 36. Kd3 a4 37. d5 R2b3+ 38. Kd4 R3b7 39. e5 Ke8
40. f4 Kd7 41. f5 Rb1 42. d6 Rd1+ 43. Ke4 Re1+ 44. Kf4 g5+ 45. fxg6 fxg6 46.
Rc7+ Ke6 47. Re7+ Kd5 48. Rd2+ Kc4 49. Rc7+ Kb3 50. Rd3+ Kb2 51. d7 Rf8+ 52.
Kg3 Rf5 53. d8=Q Rexe5 54. Qd4+ 1-0

[Event "Sonderjysk EMT Gruppe 2 2007"]
[Site "Agerskov"]
[Date "2007.09.29"]
[Round "7"]
[White "Kallesen, Jesper"]
[Black "Lauritzen, Vagn"]
[Result "0-1"]
[WhiteElo "1180"]
[BlackElo "1497"]
[PlyCount "126"]
[EventDate "2007.??.??"]

1. e4 e6 2. Nf3 c5 3. c3 Nc6 4. Bc4 a6 5. a3 b5 6. Ba2 Bb7 7. d3 d6 8. Be3 Nf6
9. Nbd2 Be7 10. Ng5 Ne5 11. Ndf3 Nfg4 12. Nxe5 Nxe5 13. f4 Ng6 14. Qg4 d5 15.
O-O-O d4 16. Nxf7 Kxf7 17. Qxe6+ Ke8 18. Qf7+ Kd7 19. cxd4 cxd4 20. Bxd4 Nxf4
21. Qf5+ Kc6 22. Be3 Rf8 23. Qxh7 Nxg2 24. Qg6+ Bf6 25. Qxg2 Kd7 26. Qg4+ Ke8
27. Qe6+ Qe7 28. Qxe7+ Bxe7 29. Rhf1 Kd7 30. b4 a5 31. Bb1 axb4 32. axb4 Bxb4
33. Rf2 Rac8+ 34. Rc2 Ba3+ 35. Kd2 Rh8 36. Bf4 Bd6 37. Bxd6 Kxd6 38. Rh1 Rh3
39. Ke1 Ra8 40. Kd2 g5 41. Kc1 Ra3 42. Rg2 Rc3+ 43. Kd2 Rc5 44. Rg3 Rh4 45. Ke3
b4 46. Kd4 g4 47. h3 Bc8 48. Ke3 Rc3 49. Kf4 gxh3+ 50. Kg5 Rh8 51. Kf4 b3 52.
Rg6+ Kc5 53. Rg5+ Kb4 54. Rg3 b2 55. Rgg1 Ba6 56. Ke3 h2 57. Rf1 Rh3+ 58. Ke2
Bxd3+ 59. Bxd3 Rcxd3 60. Re1 Rde3+ 61. Kd2 Rxe1 62. Rxe1 h1=Q 63. Rxh1 Rxh1 0-1

[Event "Sonderjysk EMT Gruppe 2 2007"]
[Site "Agerskov"]
[Date "2005.09.29"]
[Round "7"]
[White "Christiansen, Bobby"]
[Black "Iversen, Jens"]
[Result "0-1"]
[WhiteElo "1200"]
[BlackElo "1483"]
[PlyCount "98"]
[EventDate "2007.??.??"]

1. e4 c5 2. Nf3 d6 3. Bb5+ Bd7 4. a4 Nc6 5. c3 Nf6 6. d3 a6 7. Bc4 Na5 8. O-O
Nxc4 9. dxc4 Bc6 10. e5 Ng4 11. exd6 Bxf3 12. Qxf3 Ne5 13. Qxb7 exd6 14. Re1
Be7 15. Qd5 O-O 16. Bf4 Ng6 17. Bg3 Re8 18. Nd2 Ra7 19. Nf3 Rd7 20. a5 h6 21.
Rad1 Kf8 22. h4 f6 23. h5 Ne5 24. Nxe5 fxe5 25. Rd3 Qa8 26. Rf3+ Bf6 27. Bh4
Qxd5 28. cxd5 Rf7 29. Bxf6 gxf6 30. Rg3 Rg7 31. Ree3 Ree7 32. Rg6 Rxg6 33. hxg6
Kg7 34. Rg3 e4 35. b4 cxb4 36. cxb4 Rb7 37. Rb3 Rb5 38. f3 exf3 39. gxf3 Kxg6
40. Kf2 Kf5 41. Ke3 h5 42. Kd4 Kf4 43. Kc4 h4 44. Rb2 Kxf3 45. Rb3+ Ke4 46. Rh3
Rxd5 47. Rxh4+ Ke5 48. Rh5+ f5 49. Rg5 Rb5 0-1